| 000 | 00699cam a22002413a 4500 | ||
|---|---|---|---|
| 001 | 20576 | ||
| 003 | PGUSA | ||
| 005 | 20140828083435.0 | ||
| 008 | 070213s2007||||xxu|||||s|||||000 | eng d | ||
| 040 |
_aPGUSA _beng |
||
| 042 | _adc | ||
| 050 | 4 | _aBX | |
| 100 | 1 |
_aGroome, Francis Hindes, _d1851-1902 |
|
| 245 | 1 | 0 |
_aTwo Suffolk Friends _h[electronic resource] / _cFrancis Hindes Groome |
| 260 |
_bProject Gutenberg, _c2007 |
||
| 506 | _aPublic domain in the USA. | ||
| 516 | _aElectronic text | ||
| 653 | _aGroome, Robert Hindes, 1810-1889 | ||
| 653 | _aFitzGerald, Edward, 1809-1883 | ||
| 830 | 0 |
_aProject Gutenberg _v20576 |
|
| 856 | 4 | 0 | _uhttp://www.gutenberg.org/ebooks/20576 |
| 942 | _cEB | ||
| 999 |
_c249831 _d249831 |
||